[Event "Lloyds Bank Masters 11th"]
[Site "London"]
[Date "1987.08.31"]
[Round "10"]
[White "Zueger, Beat"]
[Black "Large, Peter G"]
[Result "1/2-1/2"]
[WhiteElo "2405"]
[BlackElo "2330"]
[PlyCount "70"]
[EventDate "1987.08.22"]
[EventType "swiss"]
[EventRounds "10"]
[EventCountry "ENG"]
[SourceTitle "BritBase"]
[Source "John Saunders"]
[SourceDate "2022.12.30"]
[SourceVersion "1"]
[SourceVersionDate "2022.12.30"]
[SourceQuality "1"]

1. d4 Nf6 2. c4 d6 3. Nc3 Nbd7 4. g3 e5 5. Bg2 c6 6. e3 Be7 7. Nge2 O-O 8. O-O
Re8 9. b3 Bf8 10. Qc2 Qe7 11. e4 a6 12. a4 a5 13. Ba3 exd4 14. Nxd4 Nc5 15.
Rfe1 Qc7 16. h3 g6 17. Rad1 Qb6 18. Kh2 Bg7 19. Bb2 Bd7 20. Na2 Re7 21. f3 Rae8
22. Ba3 Nh5 23. Ne2 f5 24. Rxd6 fxe4 25. f4 Nd3 26. Rd1 Qf2 27. Rf1 Qe3 28.
Nac1 Rf7 29. c5 g5 30. Qc4 gxf4 31. Nxd3 exd3 32. Rxd7 Ref8 33. Qxd3 fxg3+ 34.
Nxg3 Qxd3 35. Rxd3 Be5 1/2-1/2